[Event "SVK-ch U18/20"]
[Site "Stara Lubovna"]
[Date "2021.07.02"]
[Round "8"]
[White "Bajnok, Robert"]
[Black "Rybovic, Nikolas"]
[Result "0-1"]
[WhiteElo "1419"]
[BlackElo "1434"]
[PlyCount "112"]
[EventDate "2021.06.26"]
[EventType "swiss"]
[EventRounds "9"]
[EventCountry "SVK"]
[SourceTitle "CBM 203 Extra"]
[Source "ChessBase"]
[SourceDate "2021.09.30"]
[SourceVersion "1"]
[SourceVersionDate "2021.09.30"]
[SourceQuality "1"]

1. e4 e5 2. Nf3 Nc6 3. d4 exd4 4. Nxd4 Bc5 5. Be3 Qf6 6. c3 d6 7. Bc4 Nge7 8. 0-0 0-0 9. Nxc6 Nxc6 10. Bxc5 dxc5 11. f4 Na5 12. Bd3 c4 13. Bc2 Qb6+ 14. Kh1 Qxb2 15. Nd2 Qxc3 16. Rc1 Qd4 17. Qe2 Qd8 18. Rfd1 Qh4 19. g3 Bg4 20. Nf3 Qh5 21. Rf1 Bxf3+ 22. Qxf3 Qxf3+ 23. Rxf3 Rad8 24. Rf2 Rd4 25. Re2 Rfd8 26. Kg1 Rd2 27. Re3 g6 28. h4 Nc6 29. a3 Nd4 30. Bd1 Rxd1+ 31. Rxd1 Ne2+ 32. Rxe2 Rxd1+ 33. Kf2 Rd3 34. Re3 Rd2+ 35. Kf3 Rc2 36. g4 Rc1 37. f5 c3 38. Kg2 a5 39. Rd3 b5 40. f6 h6 41. Rd8+ Kh7 42. Rc8 c2 43. Rxc7 b4 44. axb4 axb4 45. e5 Re1 46. Rxc2 Rxe5 47. Rc7 Rb5 48. Rxf7+ Kg8 49. Re7 Kf8 50. Kf3 b3 51. Re1 Kf7 52. Rb1 Kxf6 53. h5 gxh5 54. gxh5 Kg5 55. Kg2 b2 56. Kh2 Kxh5 0-1

[Event "SVK-ch U18/20"]
[Site "Stara Lubovna"]
[Date "2021.06.28"]
[Round "4"]
[White "Rybovic, Nikolas"]
[Black "Skrinar, Marek"]
[Result "1/2-1/2"]
[WhiteElo "1434"]
[BlackElo "1712"]
[PlyCount "115"]
[EventDate "2021.06.26"]
[EventType "swiss"]
[EventRounds "9"]
[EventCountry "SVK"]
[SourceTitle "CBM 203 Extra"]
[Source "ChessBase"]
[SourceDate "2021.09.30"]
[SourceVersion "1"]
[SourceVersionDate "2021.09.30"]
[SourceQuality "1"]

1. c4 e6 2. e3 d5 3. d4 b6 4. Nf3 Bb7 5. b3 Nf6 6. Nbd2 a5 7. Bb2 Ne4 8. Be2 dxc4 9. Bxc4 Bb4 10. 0-0 Nxd2 11. Nxd2 h5 12. Nf3 h4 13. h3 Rh6 14. a3 Bd6 15. Rc1 Rg6 16. Bd3 f5 17. Re1 Be4 18. a4 Nd7 19. Bb5 Kf8 20. Bxd7 Qxd7 21. Nxh4 Rh6 22. Nf3 Qf7 23. Ng5 Qg6 24. Nxe4 fxe4 25. Qg4 Qxg4 26. hxg4 Kf7 27. f3 exf3 28. gxf3 Rah8 29. f4 Rh1+ 30. Kg2 R1h2+ 31. Kf3 Rxb2 32. Rc3 Bb4 33. Rxc7+ Kg6 34. Rg1 Rh3+ 35. Ke4 Rh4 36. Rc6 Kf7 37. Rxb6 Rxb3 38. Rb7+ Kg8 39. Rb8+ Kf7 40. Rb7+ Ke8 41. Rc1 Rc3 42. Rxc3 Bxc3 43. Rxg7 Rh3 44. f5 exf5+ 45. gxf5 Rh1 46. Ke5 Re1 47. e4 Rd1 48. Ke6 Kf8 49. Rf7+ Kg8 50. Rd7 Rxd4 51. Rxd4 Bxd4 52. e5 Kf8 53. f6 Ke8 54. Kd6 Bc3 55. Ke6 Bb2 56. Kf5 Bc3 57. e6 Bb4 58. e7 1/2-1/2

[Event "SVK-ch U18/20"]
[Site "Stara Lubovna"]
[Date "2021.06.26"]
[Round "1"]
[White "Rybovic, Nikolas"]
[Black "Nadzamova, Viktoria"]
[Result "0-1"]
[WhiteElo "1434"]
[BlackElo "2014"]
[PlyCount "62"]
[EventDate "2021.06.26"]
[EventType "swiss"]
[EventRounds "9"]
[EventCountry "SVK"]
[SourceTitle "CBM 203 Extra"]
[Source "ChessBase"]
[SourceDate "2021.09.30"]
[SourceVersion "1"]
[SourceVersionDate "2021.09.30"]
[SourceQuality "1"]

1. c4 Nf6 2. e3 e6 3. d4 b6 4. Nf3 Bb7 5. Nbd2 Be7 6. Bd3 d5 7. b3 0-0 8. 0-0 c5 9. Bb2 Nbd7 10. h3 Rc8 11. Qc2 h6 12. Rfe1 b5 13. a3 cxd4 14. exd4 bxc4 15. bxc4 dxc4 16. Bxc4 Nb6 17. Ne5 Nxc4 18. Nexc4 Qd5 19. f3 Bd6 20. Rac1 Bg3 21. Re3 Qg5 22. Qb3 Rb8 23. Qa4 Nd5 24. Ne4 Qg6 25. Re2 Nf4 26. Rd2 Bxe4 27. Ne5 Nxh3+ 28. gxh3 Bxe5+ 29. Kf2 Qg3+ 30. Kf1 Rxb2 31. Rxb2 Bd3+ 0-1

[Event "SVK-ch U16"]
[Site "Lubovna"]
[Date "2020.08.19"]
[Round "6"]
[White "Novak, Patrik"]
[Black "Rybovic, Nikolas"]
[Result "0-1"]
[WhiteElo "1152"]
[BlackElo "1454"]
[PlyCount "92"]
[EventDate "2020.08.15"]
[EventType "swiss"]
[EventRounds "9"]
[EventCountry "SVK"]
[SourceTitle "EXT 2021"]
[Source "ChessBase"]
[SourceDate "2020.10.23"]
[SourceVersion "1"]
[SourceVersionDate "2020.10.23"]
[SourceQuality "1"]

1. d4 d5 2. c4 e6 3. Nc3 Nf6 4. Bg5 Be7 5. Nf3 0-0 6. Bxf6 Bxf6 7. e3 c6 8. Bd3 Nd7 9. Qc2 g6 10. 0-0 e5 11. cxd5 exd4 12. exd4 cxd5 13. Nxd5 Bg7 14. Rfe1 Nb6 15. Nxb6 Qxb6 16. Qc4 Qxb2 17. Rab1 Qa3 18. Qb3 Qxb3 19. Rxb3 Rd8 20. Re4 Bf5 21. Rf4 Bxd3 22. Rxd3 Rac8 23. Kf1 Rc1+ 24. Ke2 Rc2+ 25. Rd2 Rxd2+ 26. Kxd2 Bh6 27. g3 Bxf4+ 28. gxf4 Kg7 29. Kd3 h5 30. Ng5 Kf6 31. h4 b5 32. f3 Rc8 33. Ne4+ Ke6 34. Ng5+ Kf5 35. Nxf7 Kxf4 36. Nd6 Rb8 37. Nf7 Kxf3 38. Ne5+ Kg3 39. Nxg6 Rb6 40. Ne5 Kxh4 41. d5 Kg3 42. Nf7 h4 43. d6 h3 44. d7 Rb8 45. Nd8 h2 46. Nc6 h1Q 0-1

[Event "SVK-ch U16"]
[Site "Lubovna"]
[Date "2020.08.17"]
[Round "4"]
[White "Rybovic, Nikolas"]
[Black "Babjak, Samuel"]
[Result "1/2-1/2"]
[WhiteElo "1454"]
[BlackElo "1513"]
[PlyCount "118"]
[EventDate "2020.08.15"]
[EventType "swiss"]
[EventRounds "9"]
[EventCountry "SVK"]
[SourceTitle "EXT 2021"]
[Source "ChessBase"]
[SourceDate "2020.10.23"]
[SourceVersion "1"]
[SourceVersionDate "2020.10.23"]
[SourceQuality "1"]

1. e4 e6 2. Nf3 d5 3. exd5 exd5 4. d4 Nc6 5. Nc3 Bb4 6. Bd2 Bg4 7. Be2 Nge7 8. 0-0 Bxf3 9. Bxf3 Nxd4 10. Re1 Nxf3+ 11. Qxf3 0-0 12. a3 Bd6 13. g3 c6 14. Bf4 Nf5 15. Qd3 Bxf4 16. Qxf5 Bd2 17. Re2 Bxc3 18. bxc3 g6 19. Qd3 Re8 20. Rae1 Qd7 21. c4 Rxe2 22. Rxe2 Rd8 23. cxd5 Qxd5 24. Qxd5 Rxd5 25. Re7 Rb5 26. Rd7 Kg7 27. Kg2 Kf6 28. Kf3 Rb2 29. a4 a6 30. h4 h5 31. Rc7 a5 32. Rd7 Rb4 33. Rc7 Kg7 34. Kg2 b5 35. Rxc6 Rxa4 36. Rc5 Rb4 37. c3 Rb3 38. c4 bxc4 39. Rxc4 Ra3 40. Rc6 Ra1 41. Ra6 a4 42. Kf3 a3 43. Kg2 a2 44. Kf3 f6 45. Ra7+ Kh6 46. Ra6 Kg7 47. Ra7+ Kf8 48. Kf4 Ke8 49. Kf3 Kd8 50. Kf4 Kc8 51. Ra5 Kb7 52. Ra3 Kb6 53. Rb3+ Ka5 54. Rb2 Ka4 55. Re2 Kb3 56. Re3+ Kc2 57. Re2+ Kd1 58. Rb2 Ke1 59. f3 Kd1 1/2-1/2

[Event "SVK-ch U16"]
[Site "Lubovna"]
[Date "2020.08.17"]
[Round "3"]
[White "Rybovic, Nikolas"]
[Black "Svorad, Tomas"]
[Result "1-0"]
[WhiteElo "1454"]
[BlackElo "1000"]
[PlyCount "116"]
[EventDate "2020.08.15"]
[EventType "swiss"]
[EventRounds "9"]
[EventCountry "SVK"]
[SourceTitle "EXT 2021"]
[Source "ChessBase"]
[SourceDate "2020.10.23"]
[SourceVersion "1"]
[SourceVersionDate "2020.10.23"]
[SourceQuality "1"]

1. c4 e5 2. e3 c6 3. d4 exd4 4. exd4 d5 5. Be3 Nf6 6. Nc3 Bb4 7. Nf3 Ne4 8. Bd2 0-0 9. Nxe4 dxe4 10. Bxb4 exf3 11. Bxf8 Qe8+ 12. Kd2 fxg2 13. Bxg2 Qxf8 14. Re1 Qb4+ 15. Kd3 Bf5+ 16. Be4 Be6 17. Qb3 Qa5 18. d5 Nd7 19. Kc2 Nc5 20. Qa3 Qxa3 21. bxa3 Nxe4 22. dxe6 Ng5 23. e7 Re8 24. Rad1 f6 25. Rd7 Nf3 26. Rb1 Ne5 27. Rd8 Kf7 28. Rxe8 Kxe8 29. Rxb7 Nd7 30. Rxa7 Kxe7 31. Rxd7+ Kxd7 32. Kc3 Kc7 33. Kb4 Kb6 34. a4 c5+ 35. Kc3 Ka5 36. Kd3 Kxa4 37. Ke4 Ka5 38. Kd5 Kb6 39. a4 Kc7 40. Kxc5 f5 41. a5 Kb7 42. Kb5 g5 43. c5 g4 44. c6+ Kc7 45. a6 Kb8 46. Kb6 Kc8 47. a7 Kd8 48. a8Q+ Ke7 49. Qa7+ Kf6 50. Qxh7 f4 51. c7 g3 52. hxg3 fxg3 53. fxg3 Ke5 54. Qh4 Kd5 55. c8Q Ke5 56. Qc5+ Ke6 57. Qh6+ Kd7 58. Qc7+ Ke8 1-0

[Event "SVK-ch U12"]
[Site "Tatralandia"]
[Date "2015.04.22"]
[Round "6"]
[White "Rybovic, Nikolas"]
[Black "Sivicek, Filip"]
[Result "1-0"]
[WhiteElo "1404"]
[BlackElo "1000"]
[PlyCount "59"]
[EventDate "2015.04.18"]
[EventType "swiss"]
[EventRounds "9"]
[EventCountry "SVK"]
[SourceTitle "CBM 166 Extra"]
[Source "ChessBase"]
[SourceDate "2015.06.18"]
[SourceVersion "1"]
[SourceVersionDate "2015.06.18"]
[SourceQuality "1"]

1. c4 Nf6 2. d4 e6 3. Nf3 b6 4. e3 Bb7 5. Nc3 Bb4 6. Bd2 Bxc3 7. Bxc3 0-0 8. Be2 d5 9. cxd5 Bxd5 10. 0-0 Nbd7 11. Re1 Re8 12. b3 Nf8 13. Bc4 Bc6 14. Bd3 Ng6 15. Bxg6 fxg6 16. Ne5 Bb7 17. Nf3 Nh5 18. Rc1 Rf8 19. e4 g5 20. Bb4 Rf7 21. Ne5 Rf4 22. Qxh5 g6 23. Nxg6 hxg6 24. Qxg6+ Kh8 25. Bc3 Bxe4 26. d5+ e5 27. Bxe5+ Rf6 28. Bxf6+ Qxf6 29. Qxf6+ Kh7 30. Rxc7+ 1-0

[Event "SVK-ch U12"]
[Site "Tatralandia"]
[Date "2015.04.21"]
[Round "5"]
[White "Orsula, Timotej"]
[Black "Rybovic, Nikolas"]
[Result "0-1"]
[WhiteElo "1118"]
[BlackElo "1404"]
[PlyCount "50"]
[EventDate "2015.04.18"]
[EventType "swiss"]
[EventRounds "9"]
[EventCountry "SVK"]
[SourceTitle "CBM 166 Extra"]
[Source "ChessBase"]
[SourceDate "2015.06.18"]
[SourceVersion "1"]
[SourceVersionDate "2015.06.18"]
[SourceQuality "1"]

1. e4 e5 2. Nf3 Nc6 3. d4 exd4 4. Nxd4 Nxd4 5. Qxd4 d6 6. Bc4 c5 7. Qd3 Be7 8. Nc3 Nf6 9. Be3 0-0 10. 0-0 Qc7 11. Bc1 Ng4 12. Qg3 Bd8 13. Bf4 Be7 14. Nd5 Qd8 15. Nxe7+ Qxe7 16. Bxd6 Qxe4 17. Bd3 Qe8 18. Bxf8 Qxf8 19. Rfe1 Be6 20. Rxe6 fxe6 21. Qxg4 Re8 22. Bc4 Qe7 23. Rd1 Qc7 24. Bxe6+ Kh8 25. Rd7 Qxd7 0-1

[Event "SVK-ch U10"]
[Site "Stara Lubovna"]
[Date "2014.04.12"]
[Round "9"]
[White "Rybovic, Nikolas"]
[Black "Soltys, Oliver"]
[Result "0-1"]
[WhiteElo "1077"]
[BlackElo "1130"]
[PlyCount "60"]
[EventDate "2014.04.05"]
[EventType "swiss"]
[EventRounds "9"]
[EventCountry "SVK"]
[SourceTitle "EXT 2016"]
[Source "ChessBase"]
[SourceDate "2015.10.08"]
[SourceVersion "1"]
[SourceVersionDate "2015.10.08"]
[SourceQuality "1"]

1. e4 e5 2. Nf3 Nc6 3. Nc3 Nf6 4. d3 Bb4 5. Bd2 d5 6. exd5 Nxd5 7. Nxd5 Bxd2+ 8. Qxd2 Qxd5 9. Be2 Bf5 10. 0-0 0-0-0 11. Ng5 e4 12. c4 Qd7 13. Qc3 f6 14. Nxe4 Nd4 15. Qb4 Nc2 16. Qb3 Nxa1 17. Nc5 Nxb3 18. Nxd7 Nd4 19. Re1 Nxe2+ 20. Rxe2 Rxd7 21. Re3 Rxd3 22. Rxd3 Bxd3 23. b3 Re8 24. h3 g5 25. f3 h5 26. Kh2 Re2 27. a4 f5 28. Kg3 Rd2 29. b4 Bf1 30. c5 Rxg2# 0-1

[Event "SVK-ch U10"]
[Site "Lubovna"]
[Date "2013.04.06"]
[Round "1"]
[White "Slivka, David"]
[Black "Rybovic, Nikolas"]
[Result "1-0"]
[WhiteElo "1134"]
[BlackElo "1000"]
[PlyCount "21"]
[EventDate "2013.04.06"]
[EventType "swiss"]
[EventRounds "9"]
[EventCountry "SVK"]
[SourceTitle "CBM 153 Extra"]
[Source "ChessBase"]
[SourceDate "2013.04.22"]
[SourceVersion "1"]
[SourceVersionDate "2013.04.22"]
[SourceQuality "1"]

1. e4 e5 2. Bc4 Nf6 3. d3 Bc5 4. Nc3 d6 5. Bg5 0-0 6. Nd5 h6 7. Nxf6+ gxf6 8. Bxh6 Re8 9. Qf3 Nc6 10. Qg3+ Kh7 11. Qg7# 1-0

[Event "SVK-ch U08"]
[Site "Lubovnianske Kupele"]
[Date "2012.03.21"]
[Round "4"]
[White "Rybovic, Nikolas"]
[Black "Pekelsky, Samuel"]
[Result "0-1"]
[WhiteElo "1000"]
[BlackElo "1000"]
[PlyCount "48"]
[EventDate "2012.03.17"]
[EventType "swiss"]
[EventRounds "7"]
[EventCountry "SVK"]
[SourceTitle "CBM 147 Extra"]
[Source "ChessBase"]
[SourceDate "2012.04.24"]
[SourceVersion "1"]
[SourceVersionDate "2012.04.24"]
[SourceQuality "1"]

1. e4 e5 2. Nf3 Nc6 3. Bc4 Bc5 4. d3 Nf6 5. 0-0 0-0 6. h3 d6 7. c3 Bb6 8. Nbd2 Ne7 9. Ng5 d5 10. Bb3 c6 11. exd5 cxd5 12. Bc2 Ng6 13. Ngf3 Nf4 14. Nb3 Ne8 15. Bxf4 exf4 16. d4 Nf6 17. Qd3 Qd6 18. Ng5 g6 19. Nf3 Bf5 20. Qd1 Ne4 21. Re1 Bc7 22. Nh4 f3 23. Nxf5 Qh2+ 24. Kf1 Qxg2# 0-1

[Event "SVK-ch U08"]
[Site "Lubovnianske Kupele"]
[Date "2012.03.17"]
[Round "1"]
[White "Valigursky, Michal"]
[Black "Rybovic, Nikolas"]
[Result "1-0"]
[WhiteElo "1109"]
[BlackElo "1000"]
[PlyCount "71"]
[EventDate "2012.03.17"]
[EventType "swiss"]
[EventRounds "7"]
[EventCountry "SVK"]
[SourceTitle "CBM 147 Extra"]
[Source "ChessBase"]
[SourceDate "2012.04.24"]
[SourceVersion "1"]
[SourceVersionDate "2012.04.24"]
[SourceQuality "1"]

1. e4 e5 2. Nf3 h6 3. Nxe5 Nf6 4. Nc3 Bd6 5. Nf3 0-0 6. e5 Qe8 7. d4 Nc6 8. Be3 Nh5 9. exd6 cxd6 10. Be2 b6 11. 0-0 Qe6 12. d5 Qg6 13. dxc6 dxc6 14. Bd3 Qe6 15. Re1 Qd7 16. Nh4 Re8 17. Qxh5 Re5 18. Qf3 Re6 19. Bf5 Qc7 20. Bxe6 Bxe6 21. Qg3 Re8 22. Bxh6 Kf8 23. Qxg7+ Ke7 24. Bg5+ Kd7 25. Qf6 Kc8 26. Nf5 d5 27. Ng7 Rh8 28. h3 Bxh3 29. gxh3 Rxh3 30. Re8+ Kb7 31. Bf4 Qd7 32. Re7 Rh6 33. Bxh6 Kc7 34. Qxf7 Kb7 35. Rxd7+ Ka6 36. Rxa7# 1-0